| 000 | 00927nac a22002657a 4500 | ||
|---|---|---|---|
| 001 | BR9511409 | ||
| 003 | BR-BrBNA | ||
| 005 | 20240105121706.0 | ||
| 008 | 230509b bl.|||m| |||| 00| 0 por d | ||
| 040 |
_aBR-BrBNA _bpor _cBiblioteca Nacional de Agricultura |
||
| 072 | _aF01 | ||
| 090 | _a1959 BR9511409 | ||
| 100 | 1 | _aPostiglioni, S.R. | |
| 110 | 1 |
_aInstituto Agronomico do Parana, Londrina, PR (Brasil) _95598 |
|
| 245 | 1 | _aMetodos de implantacao do cornichao (Lotus corniculatus L.)em pastagens nativas da regiao dos campos gerais do Parana | |
| 260 | 3 |
_aLondrina, PR (Brasil): _c1995. |
|
| 300 | _a17 p. | ||
| 490 |
_aBoletim Tecnico - Instituto Agronomico do Parana (Brazil) _vno. 46 _xISSN 0100-3054 |
||
| 500 | _a8 ref.; 5 illus.; 5 tables; Summaries (En, Pt) | ||
| 650 | _aCornichao | ||
| 650 | _aPastagem | ||
| 650 | _aParana | ||
| 909 |
_a202312 _bLúcia Elande _c55 _dLúcia Elande |
||
| 942 |
_2AGRIS _n0 _cMS |
||
| 999 |
_c286841 _d286841 |
||